Les grands et petits départements français - Statistiques

Statistiques générales
  • Ce quiz a été pris 1 020 fois
  • Le résultat moyen est 14 sur 20
Statistiques - réponses
Hint Réponse % Correct
105 km² Paris
91%
10 725 km² Gironde
84%
83 534 km² Guyane
84%
609 km² Territoire de Belfort
84%
1 128 km² Martinique
80%
1 628 km² Guadeloupe
79%
236 km² Seine-Saint-Denis
79%
9 243 km² Landes
77%
245 km² Val-de-Marne
77%
376 km² Mayotte
76%
176 km² Hauts-de-Seine
74%
1 246 km² Val-d'Oise
72%
1 804 km² Essonne
61%
9 060 km² Dordogne
58%
8 735 km² Aveyron
51%
7 970 km² Puy-de-Dôme
51%
8 763 km² Côte-d'Or
47%
8 162 km² Marne
45%
7 645 km² Pyrénées-Atlantiques
41%
8 575 km² Saône-et-Loire
40%
Aucun quiz correspondant
Distribution des résultats
% des personnes avec chaque résultat
Percentile par nombre de réponses
Votre historique - résultats
Vous n’avez pas pris ce quiz